| 000 | 01048nam a22002417a 4500 | ||
|---|---|---|---|
| 001 | BD-DhSAU 7469 | ||
| 003 | BD-DhSAU | ||
| 005 | 20240319145922.0 | ||
| 008 | 150422b2006 bg ||||| m||m 00| 0 eng d | ||
| 040 | _aBD-DhSAU | ||
| 082 |
_222 _a631.4 _bAf84 |
||
| 100 |
_aAFRIN, SADAFA _eRegistration No. # 20-11084 |
||
| 245 |
_aEffect of different sources and levels of phosphorus on yield of tomato (lycopersicon esculentum mill.) / _bMS thesis |
||
| 260 |
_aSher-e- Bangla Agricultural University: _bDepartment of Soil Science, _c2022. |
||
| 300 |
_aviii, 46p.: _b30 cm. |
||
| 500 | _aMS thesis of Department of Soil Science , Faculty of Agriculture, Sher-e-Bangla Agricultural University, Dhaka, Bangladesh | ||
| 590 | _aNamul | ||
| 650 | _a phosphorus on yield of tomato (lycopersicon esculentum mill.) | ||
| 700 |
_aProf. A.T.M Shamsuddoha _eSuperviser |
||
| 700 |
_aProf. Dr. Md. Asaduzzaman Khan _eCo-Superviser |
||
| 856 | _uhttp://archive.saulibrary.edu.bd:8080/xmlui/handle/123456789/5151 | ||
| 942 |
_2ddc _cTHESIS |
||
| 999 |
_c17437 _d17436 |
||